LEADER 00850nam a2200193 i 4500 001 000000241186 003 CaOOAMICUS 005 20150424000000.0 008 150424s1715 it u000 u lat u 013 $a220091 026 $ay-in a.7. 7.*- tiqu (3) 1715 (R) - [*= ae] 040 $aSeMil$bita 245 10$a7. 300 $a[16], 582, [26] p. 500 $aSegn. : a8 A-2P8. 773 0 $aBaluze, Étienne <1630-1718>$tStephani Baluzij Miscellaneorum liber 1. [-7.], hoc est, Collectio veterum monumentorum quae hactenus latuerant in varijs codicibus ac bibliothecis.$dParisiis : Excudebat Franciscus Muguet regis & illustrissimi archiepiscopi Parisiensis typographus, 1678-1715.$g7$w()31790 850 $aSeMil 852 $aSeMil$W1$xVenegono$y1$m3E III 78 FA$j191532$B191532$CSeMilBibl$Z2$F202324 $8I 996 $6245$a7$9(OLS)http://semarc/title/51995 LEADER 01177nam a2200229 i 4500 001 000000091901 003 CaOOAMICUS 005 20151130000000.0 008 151130s1855 it u000 u ita u 013 $a64143 040 $aSeMil$bita 245 10$aBreve vita del venerabile Francesco Saverio Maria Bianchi, sacerdote della congregazione de' Chierici Regolari di S. Paolo, detti Barnabiti. 250 $a5. ed. sulla quarta fatta in Bologna. 260 $aMonza :$bTipografia dell' Istituto de' Paolini,$c1855. 300 $a76 p., [1] c. di tav. :$britr. ;$c15 cm. 490 0 $aCollana di vite di santi ;$v30 600 04$aFrancesco : Saverio .$0(OLS)http://semarc/subject/806 830 0$aCollana di vite di santi ;$v30.$0(OLS)http://semarc/title/14269 850 $aSeMil 852 $aSeMil$W1$xVenegono$y1$m3J I 71 FA$j54849$B54849$CSeMilBibl$Z2$F59502 $8I 996 $6245$aBreve vita del venerabile Francesco Saverio Maria Bianchi, sacerdote della congregazione de' Chierici Regolari di S. Paolo, detti Barnabiti$9(OLS)http://semarc/title/138070 996 $6260$aMonza :$bTipografia dell' Istituto de' Paolini$9(OLS)http://semarc/publisher/33386